000 00476nam a22001697a 4500
999 _c6139
_d6139
003 GBCCL
005 20241126110556.0
008 180502b ||||| |||| 00| 0 eng d
040 _cgbc
082 _a241
_bSEG
100 _aSegraves, Daniel L.
_911034
245 _aWomen's hair:
_bThe long and short of it /
_cDaniel L. Segraves
260 _aIllinois:
_bGood Word,
_c1979
300 _a47 p.;
_c21 cm.
650 _aHair cutting
_xBiblical teaching
_911035
942 _2ddc
_cBK
_03